00755nam a2200193 a 450000100100000000500170001000800410002704000250006804100130009308200150010624502350012126000290035630000210038549000130040650000380041970000350045771000560049283000130054800002410720251120073732.0110119s1986 dr 000 0 spa d aDO-SdBNPbspacBNPHU17aeng2spa axxxbM425f00aMaterials for the study of politics and government in the Dominican Republic 1930-1966 = Materiales para el estudio de la política y el gobierno en la República Dominicana 1930-1966 /crecopilados, comentados Howard J. Wiarda. aSantiago :bUCMM,c1986. a142 p. ;c20 cm.1 aEstudios aIncluye notas al pie de páginas1 aWiarda, Howard J.,erec.d19392 aPontificia Universidad Católica Madre y Maestra  0aEstudios